Statistics for Spanish things [pic]

Click here to take the quiz!

General Stats

  • This quiz has been taken 15 times
  • The average score is 7 of 16

Answer Stats

Answer% Correct
Paella
100%
Flamenco
92%
Rioja / wine
85%
Canary Islands
69%
Don Quixote
62%
Alhambra
54%
Isabella I of Castile
54%
Football
46%
La Tomatina
46%
Capirote / Holy Week
38%
Alcázar of Seville
23%
Armada
23%
Ronda / Puente Nuevo
23%
Tower of Hercules
15%
Caganer
8%
Francisco Pizarro
8%

Score Distribution

Percentile by Number Answered

Percent of People with Each Score

Your Score History

You have not taken this quiz